000 02423cam a2200577Ma 4500
003 PE-LiUPU
005 20250731172846.0
008 140404r20142014mnu o 000 0 eng d
020 _a1451480245
020 _a9781451480245
020 _z1451470010
020 _z9781451470017
035 _a(Sirsi) i9781451480245
040 _aP@U
_bspa
_cP@U
_dOCLCO
_dE7B
_dN$T
_dOCLCO
_dCOO
_dEBLCP
_dHEBIS
_dYDXCP
_dOCLCF
_dPE-LiUPU
049 _aPRUA
082 0 4 _a227.106
_bL39
_223
100 1 _aLegarreta-Castillo, Felipe de Jesús,
_eautor.
245 1 4 _aThe figure of Adam in Romans 5 and 1 Corinthians 15 :
_bthe new creation and its ethical and social reconfiguration /
_cFelipe de Jesús Legarreta-Castillo.
264 _aMinneapolis [Minnesota] :
_bFortress Press,
_c[2014]
300 _axi, 217 páginas ;
_c23 centímetros.
336 _atext
_2rdacontent
337 _aunmediated
_2rdamedia
338 _avolume
_2rdacarrier
504 _aBibliografía : páginas 181-197.
504 _aÍndices : páginas 199-217.
505 0 _aAcknowledgements -- Abbreviations -- Introduction -- The status questionis of the Adam typology in Paul -- The figure of Adam in ancient Jewish sources -- The figure of Adam in 1 Corinthians 15:21-22, 45-49 and Romans 5:12-21 -- Conclusion -- Bibliography -- Index of names -- Index of Biblical and ancient references.
526 _aSEG42
526 _aSEG41
526 _aSEG40
526 _aSEG39
526 _aP94
526 _aP87
526 _aP86
526 _aP85
526 _aP77
526 _aP76
526 _aP35
600 0 0 _aAdán (Personaje bíblico).
600 0 0 _aPablo, Santo, Apóstol
_xTeología
630 0 0 _aBiblia.
_pCorintios, 1
_xCrítica, interpretación, etc.
630 0 0 _aBiblia.
_pRomanos
_xCrítica, interpretación, etc.
776 0 8 _iPrint version:
_z1451470010
_z9781451470017
830 0 _aUPCC book collections on Project MUSE.
910 _jck
_bhop
_chop
_d20160530
942 _2ddc
_cBOOK
949 _a227.106 L39
_wDEWEY
_c1
_i73232
_lCCODEBUL1
_mBUL
_p34.30
_r0
_sY
_tBOOK
_u2016-5-30
_xTEOLOGIA
_PP85
_0COMPRA
_o.STAFF. Posgrado
994 _aC0
_bPEPRU
596 _a1
999 _a227.106 L39
_wDEWEY
_c9670
_i73232
_f2021-11-9
_g5
_lCCODEBUL1
_mBUL
_p34.30
_r0
_sY
_tBOOK
_u2016-5-30
_xTEOLOGIA
_PP85
_0COMPRA
_o.STAFF. Posgrado
_d9670
980 _81
_gALBERTO SANCHEZ Responsable de Automatización